Význam údržby a ostření nástrojů

Bibliographic Details
Main Authors: Kondrík, M. (Author), Kondrlík, M. (Author)
Format: Article
Language:Czech
Subjects:

MARC

LEADER 00000nab a2200000 a 4500
001 vtls000372731
003 SK-MaSNL
005 20260303182453.0
008 160201c1988 xo 0 cze
015 |a SNBRA19rr/mm-uuuuu 
035 |a CL0372853 
040 |a SNKBUCL  |b slo  |c SNKBUCL  |e AACR2 
041 0 |a cze 
044 |a xo  |c SK 
080 |a 621.9.029:621.923.6  |2 1981 
080 |a 621.923.6  |2 1981 
100 1 |a Kondrík, M.  |4 aut  |9 1210316 
245 1 0 |a Význam údržby a ostření nástrojů  |c M. Kondrík ; M. Kondrlík 
650 0 7 |a obrábacie nástroje  |2 snkbucl  |9 69055 
650 0 7 |a ostrenie nástrojov  |2 snkbucl  |9 678378 
655 7 |a články zo zborníkov  |2 snkbucl  |9 166140 
700 1 |a Kondrlík, M.  |4 aut  |9 1210317 
773 0 |t Ostrenie a údržba nástrojov  |d Bratislava : Dom techniky ČSVTS, 1988 
850 |a Slovenská národná knižnica v Martine  |a MTA001 
852 |a SNK  |b KIS3GCP 
958 |a RK 
958 |a CZ 
992 |a RZB 
999 |c 2117113  |d 2119043